Bílá Voda /

Rozsáhlý román, ve kterém se prolíná příběh mladé ženy z počátku 21. století s událostmi spjatými s temným obdobím kláštera Bílá Voda, kde během náboženské perzekuce za komunistického režimu byly násilím internovány řeholnice.

Hlavní autor: Tučková, Kateřina, 1980-
Jazyk: Čeština
Vydáno: Brno : Host, 2023
Vydání: Druhé, brožované vydání
Témata:
Externí odkaz: Digitalizovaný dokument
Fyzický popis: 686 stran ; 20 cm
Knihy
Uloženo v:
LEADER 04173nam a2200745 i 4500
001 nkc20233518058
003 CZ PrNK
005 20231009093551.0
007 ta
008 230427s2023 xr g 000 f cze
015 |a cnb003518058 
020 |a 978-80-275-1553-0  |q (brožováno) 
035 |a (OCoLC)1389728985 
040 |a ABG001  |b cze  |e rda 
043 |a e-xr---  |b e-xr-ol  |2 czenas 
045 |a x4x8 
072 7 |a 821.162.3-3  |x Česká próza  |2 Konspekt  |9 25 
080 |a 821.162.3-31  |2 MRF 
080 |a 27-788-055.2  |2 MRF 
080 |a 2-67  |2 MRF 
080 |a 321.74  |2 MRF 
080 |a 27-674.5  |2 MRF 
080 |a 2-72-67-021.452  |2 MRF 
080 |a 27-558.5-055.2  |2 MRF 
080 |a (437.325)  |2 MRF 
080 |a (0:82-311.6)  |2 MRF 
100 1 |a Tučková, Kateřina,  |d 1980-  |7 mzk2006348534  |4 aut 
245 1 0 |a Bílá Voda /  |c Kateřina Tučková 
250 |a Druhé, brožované vydání 
264 1 |a Brno :  |b Host,  |c 2023 
300 |a 686 stran ;  |c 20 cm 
336 |a text  |b txt  |2 rdacontent 
337 |a bez média  |b n  |2 rdamedia 
338 |a svazek  |b nc  |2 rdacarrier 
520 2 |a Rozsáhlý román, ve kterém se prolíná příběh mladé ženy z počátku 21. století s událostmi spjatými s temným obdobím kláštera Bílá Voda, kde během náboženské perzekuce za komunistického režimu byly násilím internovány řeholnice.  |b Bílá Voda. Pustá vesnice skrytá ve stínu pohraničních hor, kam kdysi přicházely zástupy poutníků vyprosit si pomoc u zázračné sošky Panny Marie. Dnes sem přijíždí Lena Lagnerová, aby se tu skryla před svou minulostí. Namísto kláštera s početnou řeholní komunitou tu však najde pouze několik řádových sester, vedených svéráznou řeholnicí Evaristou. Ta přišla do Bílé Vody o poslední zářijové noci roku 1950, kdy komunistický režim odvlekl v rámci Akce Ř všechny řádové sestry do sběrných klášterů. Stejně jako všechny řeholnice byla nasazena na nucené práce a k tomu vystavena i ponižování v komunistickém kriminálu. Lena však brzy zjišťuje, že tím Evaristin dramatický příběh pouze začíná, a záhy také pochopí, že démoni obcházející minulost místních řeholnic nezmizeli, a navíc jsou součástí i jejího vlastního osudu. Nakladatelská anotace. Kráceno. 
648 7 |a 1948-1989  |7 ch460661  |2 czenas 
650 0 7 |a ženské řeholní řády  |7 ph311264  |z Česko  |2 czenas 
650 0 7 |a ženské řeholní kongregace  |7 ph337771  |z Česko  |2 czenas 
650 0 7 |a stát a církev  |7 ph116308  |z Česko  |y 1948-1989  |2 czenas 
650 0 7 |a komunistický režim  |7 ph114960  |z Česko  |y 1948-1989  |2 czenas 
650 0 7 |a náboženská perzekuce  |7 ph117342  |z Česko  |y 1948-1989  |2 czenas 
650 0 7 |a skrytá církev  |7 ph303226  |z Česko  |y 1948-1989  |2 czenas 
650 0 7 |a kněžské svěcení žen  |7 ph967253  |2 czenas 
650 0 9 |a female monastic orders  |z Czechia  |2 eczenas 
650 0 9 |a women's religious congregations  |z Czechia  |2 eczenas 
650 0 9 |a church and state  |z Czechia  |y 1948-1989  |2 eczenas 
650 0 9 |a communist regime  |z Czechia  |y 1948-1989  |2 eczenas 
650 0 9 |a religious persecution  |z Czechia  |y 1948-1989  |2 eczenas 
650 0 9 |a underground church  |z Czechia  |y 1948-1989  |2 eczenas 
650 0 9 |a ordination of women  |2 eczenas 
651 7 |a Bílá Voda (Jeseník, Česko)  |7 ge174005  |2 czenas 
651 9 |a Bílá Voda (Jeseník, Czechia)  |2 eczenas 
655 7 |a české romány  |7 fd133974  |2 czenas 
655 7 |a historické romány  |7 fd132414  |2 czenas 
655 9 |a Czech fiction  |2 eczenas 
655 9 |a historical novels  |2 eczenas 
856 4 1 |u https://www.digitalniknihovna.cz/mzk/uuid/uuid:fe498dc0-8ba6-11ef-9295-5ef3fc9bb22f  |y Digitalizovaný dokument  |x NDK 
910 2 |a BOA001  |b 1-1507.274 
920 |a 4704538  |z ABG001 
990 |a BK 
995 |a 01 
991 |b 202305  |c NOV 
996 6 |b 2610938878  |c 1-1507.274  |l MZK  |r Sklad / do 1 hodiny  |n 1  |p p.v.  |w 001925997  |u 000010  |a 1  |e BOA001  |j MZK50  |s P 
996 7 |b 2610938879  |c 1-1507.274  |l MZK  |r Sklad / do 1 hodiny  |n 21  |p p.v.  |w 001925997  |u 000020  |a 1  |e BOA001  |j MZK50  |s A 
996 7 |b 2610950420  |c 1-1507.274  |l MZK  |r Sklad / do 1 hodiny  |n 17  |p kup  |w 001925997  |u 000030  |a 1  |e BOA001  |j MZK50  |s A